000 00525nam a2200181Ia 4500
008 090123s9999 xx 000 0 und d
082 _b28557
100 _aराजाध्यक्ष विजया
245 _aकमान
250 _a2
260 _bमेहता प्रकाशन
_c1998
300 _a138
600 _aराजाध्यक्ष विजया
630 _aकमान
700 _aराजाध्यक्ष विजया
730 _aकमान
942 _cBOOK
999 _c67092
_d67092